|
|
|
|
| LEADER |
00788 a2200217 4500 |
| 008 |
150103s9999 000 0 eng |
| 020 |
|
|
|a 0805240470
|
| 082 |
0 |
0 |
|a 530.0924
|
| 100 |
1 |
|
|a Sugimoto, Kenji.
|
| 245 |
1 |
0 |
|a Albert Einstein /
|
| 260 |
|
|
|a New York :
|b Schocken Books,
|c c1989.
|
| 300 |
|
|
|a 202 p.
|
| 500 |
|
|
|a Translation of: Albert Einstein.
|
| 500 |
|
|
|a Includes index.
|
| 500 |
|
|
|a "Including over 400 photographs, documents, drawings, and graphics and a chronological appendix."
|
| 650 |
|
0 |
|a Einstein,Albert,1879-1955
|
| 653 |
|
|
|a Pictorial works-Physicist
|
| 653 |
|
|
|a Biography
|
| 942 |
|
|
|c BK
|
| 999 |
|
|
|c 302793
|d 302793
|
| 952 |
|
|
|0 0
|1 0
|2 ddc
|4 0
|6 530_092400000000000_EIN_AL
|7 0
|9 346325
|a DRA
|b DRA
|c ST1
|d 2010-11-29
|i 5279
|l 0
|o 530.0924 EIN/AL
|p DRA5279
|r 2019-01-03
|w 2019-01-03
|y BK
|